Control estadístico de la calidad

-д хадгалсан:
Номзүйн дэлгэрэнгүй
Үндсэн зохиолч: Montgomery, Douglas C. (Зохиогч)
Формат: Ном
Хэл сонгох:испани
Хэвлэсэн: Cuernavaca, México. Limusa S. A, 2016
Хэвлэл:3a. ed
Нөхцлүүд:
Онлайн хандалт:Disponible Online
Шошгууд: Шошго нэмэх
Шошго байхгүй, Энэхүү баримтыг шошголох эхний хүн болох!

MARC

LEADER 00000cam a2200000 a 4500
001 UCC4466
003 CL-VaPUC
005 20230817173231.0
008 180803e20160000mx |||||||||||||||||spa|d
999 |c 372012  |d 372010 
020 |a 9789681862343 
040 |c Pontificia Universidad Católica de Valparaíso 
082 0 4 |a 658.562 MON 2016  |2 21 
100 |a Montgomery, Douglas C.  |e author  |9 602209 
245 1 0 |a Control estadístico de la calidad 
250 |a 3a. ed 
260 |a Cuernavaca, México.  |b Limusa S. A,  |c 2016 
300 |a 797 páginas  
583 |a last modification  |c 20180803 12:44:00  |k Rodrigo Vera 
650 0 |a Control de calidad   |9 259714 
650 0 |a Producción   |9 263680  |x Control 
856 |u http://bibliografiadigital.pucv.cl/index.php/bibliotecapucv/catalog/book/749  |y Disponible Online 
942 |c BK  |2 ddc 
945 |d 20180803 12:44:00  |a dcastane 
952 |0 0  |1 0  |2 ddc  |3 erb  |4 0  |6 658_562000000000000_MON_2016  |7 0  |8 A  |9 489232  |a BIBALI  |b BIBALI  |c RES  |i 5485533  |l 13  |m 4  |o 658.562 MON 2016  |p 5485533  |q 2025-05-09  |r 2025-04-25  |s 2025-04-25  |w 2019-11-24  |y BK  |z Catalogado en:20180803  |k ALI